• 首页
  • 本馆介绍
  • 公告通知
  • 最新文献
  • 馆藏检索
  • 电子资源
  • 读者导购
  • 参考咨询
  • 我的图书馆
  • 登录
  • 详细信息显示
  • 放入我的书架
  • 预约/预借图书
  • 作者相关作品
  • 分类相关作品
  • 丛书相关作品
  • 出版社相关作品

书目信息

  • 表格格式
  • 工作单格式
  • 卡片格式
题名:
保险经纪服务
    
 
作者: 沈开涛 主编
分册:  
出版信息: 北京   北京大学出版社  2015
页数: 10,301页
开本: 26cm
丛书名:
单 册:
中图分类: F840.45 , F840.4
科图分类:
主题词: 保险业--经纪人--教材
电子资源:
ISBN: 978-7-301-26089-0
000 00932nam0 2200241 450
001 2366238275
005 20231208182438.83
010    @a978-7-301-26089-0@dCNY 46.00
100    @a20150918d2015 em y0chiy0120 ea
101 0  @achi
102    @aCN@b110000
105    @aa z 000yy
200 1  @a保险经纪服务@Abao xian jing ji fu wu@b专著@f沈开涛主编
210    @a北京@c北京大学出版社@d2015
215    @a10,301页@c图@d26cm
300    @a教育部支持项目 保险实用型人才培养规划教材 博雅精品教材系列
330    @a本书按保险经纪机构保险经纪服务相关职业岗位和典型工作任务分为9章,包括保险经纪服务概述、保险经纪服务内容、保险经纪服务团队、保险经纪服务计划、保险经纪服务成本、保险经纪案件处理、保险经纪投诉处理、保险服务评价与价值创造、客户档案管理。
606 0  @a保险业@x经纪人@j教材
690    @aF840.45@v5
690    @aF840.4@v4
701  0 @a沈开涛@Ashen kai tao@4主编
801  2 @aCN@b辽宁北配@c20231205
905    @aBZT@dF840.4@e12
    
    保险经纪服务/沈开涛主编.-北京:北京大学出版社,2015
    10,301页:图;26cm
    教育部支持项目 保险实用型人才培养规划教材 博雅精品教材系列
    
    ISBN 978-7-301-26089-0:CNY 46.00
    本书按保险经纪机构保险经纪服务相关职业岗位和典型工作任务分为9章,包括保险经纪服务概述、保险经纪服务内容、保险经纪服务团队、保险经纪服务计划、保险经纪服务成本、保险经纪案件处理、保险经纪投诉处理、保险服务评价与价值创造、客户档案管理。
●
相关链接 在五车中查询图书 在当当中查询图书 在豆瓣中查询图书


正题名:保险经纪服务     索取号:F840.4/12         预约/预借

序号 登录号 条形码 馆藏地/架位号 状态 备注
1 2001559982   2001559982   辽三/辽宁北配(第三批)/1353/ [索取号:F840.4/12] 在馆    
2 2001559983   2001559983   辽三/辽宁北配(第三批)/1353/ [索取号:F840.4/12] 在馆    
3 2001559984   2001559984   辽三/辽宁北配(第三批)/1353/ [索取号:F840.4/12] 在馆    
4 2001559985   2001559985   辽三/辽宁北配(第三批)/1353/ [索取号:F840.4/12] 在馆    
5 2001559986   2001559986   辽三/辽宁北配(第三批)/1353/ [索取号:F840.4/12] 在馆    
6 2001559987   2001559987   辽三/辽宁北配(第三批)/1353/ [索取号:F840.4/12] 在馆    
7 2001559988   2001559988   辽三/辽宁北配(第三批)/1353/ [索取号:F840.4/12] 在馆    
8 2001559989   2001559989   辽三/辽宁北配(第三批)/1353/ [索取号:F840.4/12] 在馆    
9 2001559990   2001559990   辽三/辽宁北配(第三批)/1353/ [索取号:F840.4/12] 在馆    
10 2001559991   2001559991   辽三/辽宁北配(第三批)/1353/ [索取号:F840.4/12] 在馆    
11 2001559992   2001559992   辽三/辽宁北配(第三批)/1353/ [索取号:F840.4/12] 在馆    
12 2001559993   2001559993   辽三/辽宁北配(第三批)/1353/ [索取号:F840.4/12] 在馆    
13 2001559994   2001559994   辽三/辽宁北配(第三批)/1353/ [索取号:F840.4/12] 在馆    
14 2001559995   2001559995   辽三/辽宁北配(第三批)/1353/ [索取号:F840.4/12] 在馆    
15 2001559996   2001559996   辽三/辽宁北配(第三批)/1353/ [索取号:F840.4/12] 在馆    
16 2001559997   2001559997   辽三/辽宁北配(第三批)/1353/ [索取号:F840.4/12] 在馆    
17 2001559998   2001559998   辽三/辽宁北配(第三批)/1353/ [索取号:F840.4/12] 在馆    
18 2001559999   2001559999   辽三/辽宁北配(第三批)/1353/ [索取号:F840.4/12] 在馆    
19 2001560000   2001560000   辽三/辽宁北配(第三批)/1353/ [索取号:F840.4/12] 在馆    
山东省滨州职业学院图书馆 欢迎您!
大连网信软件有限公司© 版权所有